Southville International School and Colleges
Your cart is empty.
  • Cart
  • Lists
    Public lists Eva Luna New books Lux_list list_1
    Your lists Log in to create your own lists
  • Log in to your account
  • Your cookies
  • Search history
Southville International School and Colleges
  • Advanced search
  • Recent comments
  • Most popular
  • Libraries

Log in to your account

Log in with GOOGLE


If you do not have an external account, but do have a local account, you can still log in:

  1. Home
  2. MARC view: Art & physics :
Normal view MARC view ISBD view

Art & physics : (Record no. 2171)

[ view plain ]
MARC details
000 -LEADER
fixed length control field 00597nam a22002177a 4500
003 - CONTROL NUMBER IDENTIFIER
control field UUm
005 - DATE AND TIME OF LATEST TRANSACTION
control field 20151027155216.0
008 - FIXED-LENGTH DATA ELEMENTS--GENERAL INFORMATION
fixed length control field 130308t xxu||||| |||| 00| 0 eng d
020 ## - INTERNATIONAL STANDARD BOOK NUMBER
International Standard Book Number 9780061227974
020 ## - INTERNATIONAL STANDARD BOOK NUMBER
International Standard Book Number 0688123058
050 ## - LIBRARY OF CONGRESS CALL NUMBER
Classification number N 70
Item number .Sh48 2007
082 ## - DEWEY DECIMAL CLASSIFICATION NUMBER
Classification number IB 701
Item number Sh6 2007
100 ## - MAIN ENTRY--PERSONAL NAME
Personal name Shlain, Leonard
245 ## - TITLE STATEMENT
Title Art & physics :
Remainder of title parallel visions in space, time, and light
Statement of responsibility, etc Leonard Shlain.
260 ## - PUBLICATION, DISTRIBUTION, ETC. (IMPRINT)
Place of publication, distribution, etc New York :
Name of publisher, distributor, etc HarperCollins Publishers,
Date of publication, distribution, etc 2007.
300 ## - PHYSICAL DESCRIPTION
Extent 480 p. :
Other physical details ill. ;
Dimensions 24 cm.
650 ## - SUBJECT ADDED ENTRY--TOPICAL TERM
Topical term or geographic name as entry element Arts
650 ## - SUBJECT ADDED ENTRY--TOPICAL TERM
Topical term or geographic name as entry element Physics
942 ## - ADDED ENTRY ELEMENTS (KOHA)
Source of classification or shelving scheme Library of Congress Classification
Koha item type Books
Holdings
Withdrawn status Lost status Source of classification or shelving scheme Damaged status Home library Current library Shelving location Date acquired Total Checkouts Full call number Barcode Date last seen Copy number Price effective from Koha item type
    Library of Congress Classification   Luxembourg Library Luxembourg Library International Baccalaureate Section 06/22/2013   N 70 .Sh558 2007 15842 08/13/2013 1 10/03/2013 Books

Art & physics :

APA

Shlain L., . (2007). Art & physics. New York: HarperCollins Publishers.

Chicago

Shlain Leonard, . 2007. Art & physics. New York: HarperCollins Publishers.

Harvard

Shlain L., . (2007). Art & physics. New York: HarperCollins Publishers.

MLA

Shlain Leonard, . Art & physics. New York: HarperCollins Publishers. 2007.

  • Place hold
  • Print
  • Cite
  • Add to your cart (remove)
  • Save record
    BIBTEX Dublin Core MARCXML MARC (non-Unicode/MARC-8) MARC (Unicode/UTF-8) MARC (Unicode/UTF-8, Standard) MODS (XML) RIS
  • More searches
    Search for this title in:
    Other Libraries (WorldCat) Other Databases (Google Scholar) Online Stores (Bookfinder.com) Open Library (openlibrary.org)

Exporting to Dublin Core...

SOUTHVILLE LIBRARY

Southville International School and Colleges Library

1281 Tropical Ave. Cor. Luxembourg St., BF Homes International, Las Pinas City

Tel. No. 8256374 / 252358 Loc. 117/146

Powered by Koha